000
00288nam a2200133Ia 4500
100
_a
Productivity Development Team
942
_c
BK
245
_a
Just in time for operators
260
_b
#N/A
_c
1998
082
_a
658
_b
PDT
300
_a
71
546
_a
ENGLISH
_c
Info.Tech
999
_c
25923
_d
25923